000 00150 a2200085 4500
041 _aspa
100 _aJose Legorburu
245 _aEspaoÌšl
942 _cBK
999 _c15512
_d15512